|
|
|
|
| LEADER |
00000nam a2200000 a 4500 |
| 001 |
vtls001323668 |
| 003 |
SK-MaSNL |
| 005 |
20260301005513.0 |
| 008 |
240318s1985 xo j y 0 slo |
| 035 |
|
|
|a SNK000276366
|
| 040 |
|
|
|a SNK
|b slo
|c SNK
|e AACR2
|
| 041 |
0 |
|
|a slo
|
| 044 |
|
|
|a xo
|c SK
|
| 080 |
|
|
|a 519.682 Basic-Plus-2(076.5)
|2 1981
|
| 080 |
|
|
|a 519.68(076.5)
|2 1981
|
| 100 |
1 |
|
|a Rovňan, Alexander
|4 aut
|9 289908
|
| 245 |
1 |
0 |
|a Basic - plus - 2. Zbierka príkladov
|c [spracoval Alexander Rovňan]
|
| 260 |
|
|
|a Žilina
|b Datasystém
|c 1985
|
| 300 |
|
|
|a 63 s.
|c 30 cm
|
| 500 |
|
|
|a Na obale: SMEP
|
| 650 |
0 |
7 |
|a Basic-Plus-2 (jazyk programovací)
|x príklady
|x príručky
|2 SNK
|9 289909
|
| 650 |
0 |
7 |
|a jazyky programovacie Basic-Plus-2
|x príklady
|x príručky
|2 SNK
|9 289910
|
| 958 |
|
|
|a OND
|
| 999 |
|
|
|c 545352
|d 547282
|
| 952 |
|
|
|t P60, <03>, [BOOK], {603}
|a SNK
|b SNK
|y PREZ
|7 0
|p 17A0125750
|o snkSB 58386
|i snkD 741/98
|0 0
|1 0
|4 0
|d 1998-03-06
|f 1
|l 0
|r 2025-04-09 00:00:00
|w 2026-02-23
|